Can You Complete The Lyrics From These Famous Mary Poppins Songs? - Statistics

General Stats
  • This quiz has been taken 19 times
  • The average score is 4 of 5
Answer Stats
Answer % Correct
If you say it loud enough you'll always sound precocious {supercalifragilisticexpialidocious}
92%
It's {supercalifragilisticexpialidocious}
92%
Oh, {supercalifragilisticexpialidocious}
69%
I say me special word and then they ask me out to tea (woo) {supercalifragilisticexpialidocious}
62%
She's {supercalifragilisticexpialidocious}
54%
No matching quizzes found
Score Distribution
Percent of People with Each Score
Percentile by Number Answered
Your Score History
You have not taken this quiz